[Event "Hoogovens 5'"]
[Site "Wijk aan Zee"]
[Date "1999.01.18"]
[Round "6"]
[White "Timman, Jan H"]
[Black "Ivanchuk, Vassily"]
[Result "1-0"]
[WhiteElo "2649"]
[BlackElo "2714"]
[PlyCount "111"]
[EventDate "1999.01.18"]
[EventType "tourn (blitz)"]
[EventRounds "13"]
[EventCountry "NED"]
[EventCategory "17"]
[SourceTitle "CBM 068 Extra"]
[Source "ChessBase"]
[SourceDate "1999.03.01"]
[SourceVersion "1"]
[SourceVersionDate "1999.03.01"]
[SourceQuality "1"]

1. e4 e6 2. d4 d5 3. Nc3 Nf6 4. e5 Nfd7 5. f4 c5 6. Nf3 Nc6 7. Be3 a6 8. Qd2 b5
9. dxc5 Bxc5 10. Bxc5 Nxc5 11. Bd3 b4 12. Ne2 Qb6 13. Nfd4 Nxd4 14. Nxd4 a5 15.
Qe3 Ba6 16. O-O g6 17. Nb3 Na4 18. Qxb6 Nxb6 19. Nc5 Bxd3 20. cxd3 Ke7 21. Rfc1
Rhc8 22. Kf2 a4 23. a3 bxa3 24. bxa3 Nc4 25. dxc4 Rxc5 26. cxd5 Rxd5 27. Rc7+
Rd7 28. Rxd7+ Kxd7 29. Rd1+ Kc6 30. Rd4 Kb5 31. Rb4+ Ka5 32. Rb7 Rd8 33. Ke3
Rd1 34. Rxf7 Ra1 35. Re7 Rxa3+ 36. Kd4 Ra2 37. g4 a3 38. Rxe6 Rd2+ 39. Ke3 Rd8
40. Rc6 Kb4 41. Ra6 Rd1 42. f5 Re1+ 43. Kd4 Rd1+ 44. Ke4 Re1+ 45. Kd5 Rd1+ 46.
Ke6 gxf5 47. gxf5 Rd2 48. f6 Rxh2 49. f7 Rf2 50. Ke7 h5 51. f8=Q Rxf8 52. Kxf8
h4 53. e6 h3 54. Rb6+ Kc4 55. Rb1 h2 56. e7 1-0

[Event "Linares 16th"]
[Site "Linares"]
[Date "1999.03.09"]
[Round "13"]
[White "Topalov, Veselin"]
[Black "Ivanchuk, Vassily"]
[Result "0-1"]
[WhiteElo "2700"]
[BlackElo "2714"]
[Annotator "Stohl,I"]
[PlyCount "50"]
[EventDate "1999.02.21"]
[EventType "tourn"]
[EventRounds "14"]
[EventCountry "ESP"]
[EventCategory "20"]
[SourceTitle "CBM 070"]
[Source "ChessBase"]
[SourceDate "1999.06.08"]
[SourceVersion "1"]
[SourceVersionDate "1999.06.08"]
[SourceQuality "1"]

{[%mdl 1]} 1. Nf3 {Ftacnik} c5 2. c4 Nc6 3. d4 cxd4 4. Nxd4 e6 5. g3 Bb4+ 6.
Nc3 $6 {Surprisingly after this natural move Black has only few problems and
achieves equality rather easily.} (6. Bd2 $142 Qb6 7. Nb3 Ne5 8. Qc2 (8. Bxb4
Qxb4+ 9. Qd2 Qxc4 10. Bg2 Ne7 11. Na3 Qa6 12. O-O O-O 13. Rac1 d5 14. Rfd1 Qb6
15. Nc5 Nc4 16. Nxc4 Qxc5 17. Ne5 Qb6 18. Qc2 f6 19. Nd3 Bd7 20. Nc5 Rad8 21.
Rd3 Bc8 22. Rb3 Qc6 23. Qd2 b6 24. Na6 Qd6 25. Nc7 Bd7 26. Nb5 Bxb5 27. Rxb5
Rc8 $17 {Langeweg,K-Wedberg,T/Buenos Aires olm/1978/}) 8... a5 (8... d6 9. Bg2
Bd7 10. Bxb4 Qxb4+ 11. Qd2 Qxd2+ 12. N1xd2 Bc6 13. Bxc6+ bxc6 14. c5 d5 15. Na5
Ne7 16. b4 Kd7 17. f4 N5g6 18. e4 h5 19. Kf2 h4 20. exd5 Nxd5 21. a3 Rh6 22.
Nf3 Rah8 23. Rhd1 hxg3+ 24. hxg3 Kc7 25. Rac1 Nge7 26. Nc4 Rh3 27. Nd6 f6 28.
b5 $36 {Tiller,B-Wedberg,T/Randers zt/1982/}) 9. Bg2 a4 10. Nc1 Nf6 11. O-O
Bxd2 12. Nxd2 O-O 13. c5 Qb5 14. Qc3 d6 15. cxd6 Ra6 16. Nf3 Nxf3+ 17. Bxf3
Rxd6 18. Nd3 Bd7 19. Qc7 Qb6 20. Rac1 Bb5 21. Qxb6 Rxb6 22. Ne5 Nd7 23. Nxd7
Bxd7 24. Rfd1 Bc6 25. Bxc6 bxc6 26. Rc2 Rfb8 27. a3 Kf8 $11 {Polugaevsky,
L-Ornstein,A/Buenos Aires olm/ 1978/}) 6... Qa5 $1 ({With the interpolated
moves} 6... Nf6 7. Bg2 Qa5 $6 {is very dubious due to} 8. O-O Bxc3 9. bxc3 O-O
(9... Qxc3 10. Nxc6 $1 dxc6 (10... Qxa1 11. Qd6 $18) 11. Qd6 Bd7 12. Rb1 {
1-0,Meins,G-Schumacher,O/Bremen GER-ch/1998/}) 10. Qb3 d5 11. cxd5 exd5 12. Be3
Ne5 13. Rfd1 Bd7 14. a4 Rac8 15. Qb4 Qa6 16. Nb5 $36 {Taimanov,M-Zakharov/
URS-ch/1965/}) 7. Ndb5 (7. Nxc6 dxc6 (7... bxc6 8. Bd2 Qc7 9. Bg2 Rb8 10. O-O
Nf6 11. Nb5 Qa5 12. Bxb4 Qxb4 13. a3 Qc5 14. b4 Qe5 15. Nd6+ Ke7 16. c5 Ba6 17.
Qa4 Bxe2 18. Rfe1 $40 {King,D-Arnason,J/Reykjavik/1984/}) 8. Bd2 Qc7 9. Ne4 Qa5
10. Bg2 e5 11. Bc3 Bxc3+ 12. bxc3 Nf6 $132 {1/2,Adorjan,A-Wedberg,T/Oslo/1984/}
) 7... d5 {'!' Ftacnik.} (7... a6 $6 8. Nd6+ Ke7 (8... Kf8 9. Bg2 $1 $44) 9.
Nxc8+ Rxc8 10. Bd2 Nf6 11. Bg2 Rhd8 12. a3 Bxc3 13. Bxc3 Qg5 14. O-O d5 15. Qb3
$16 {[%csl Gc3,Re7,Gg2] ^^,עe7,Mlynek,P-Novak,J/Brno/1996/}) (7... Nf6 8. Bg2
O-O 9. O-O a6 10. Nd6 Qc7 11. Nce4 Nxe4 12. Nxe4 f5 13. a3 Be7 14. Nc3 Bf6 15.
Bf4 Ne5 16. Rc1 d6 17. b3 Bd7 18. Qd2 Rad8 19. e4 g6 20. Rfd1 Bc8 21. exf5 gxf5
22. Bg5 Bxg5 23. Qxg5+ Qg7 24. Qxg7+ Kxg7 25. f4 Nf7 26. Na4 $36 {Horvath,
J-Schlosser,P/Budapest/1991/}) 8. a3 (8. Bd2 a6 $142 $1 (8... dxc4 9. a3 Bxc3
10. Nd6+ $1 Kf8 11. Bxc3 Qc5 12. Rc1 Nge7 13. Nxc4 Qd5 14. Qxd5 Nxd5 15. Bg2
Nxc3 16. Rxc3 Bd7 17. O-O Ke7 18. Bxc6 Bxc6 19. Ne5 Rac8 20. Rfc1 Rhd8 21.
Nxc6+ bxc6 22. Rxc6 Rd1+ 23. Rxd1 Rxc6 24. Rd2 a5 25. Kg2 $14 {Jansson,
B-Wedberg,T/SWE-ch/1977/}) 9. cxd5 exd5 10. Na3 Bxa3 (10... Nf6 11. Nc2 Bf5
$132) 11. bxa3 d4 12. Ne4 Qxa3 $13) ({More promising is} 8. Bf4 $142 $5 e5 (
8... d4 9. a3 Bxc3+ 10. bxc3 $16) 9. Bd2 dxc4 (9... d4 10. Nd5 Bxd2+ 11. Qxd2
Qxd2+ 12. Kxd2 Rb8 13. Bg2 $36 (13. Bg2 {Ftacnik} Nge7 $14)) 10. a3 Bxc3 11.
Nd6+ Kf8 12. Bxc3 Qc5 13. Bg2 $44) 8... Bxc3+ 9. bxc3 $146 {'?!' Ftacnik.} (9.
Nxc3 d4 $5 (9... dxc4 {is also quite playable.}) (9... dxc4 $5 $10 {Ftacnik})
10. b4 Nxb4 11. axb4 (11. Bd2 $2 Nd3+ $1 $17 (11... Nd3+ $1 {Ftacnik} 12. exd3
dxc3 13. Be3 Bd7 14. Bg2 Ne7 $15) (11... Nc6 12. Nb5 Qd8 13. c5 $36)) 11...
Qxa1 12. Nb5 Nf6 $5 (12... Kf8 $5 {Ftacnik} 13. Bg2 Bd7 14. O-O $13) 13. Nc7+
Ke7 14. Nxa8 Bd7 15. Bg2 (15. Nc7 Ba4 16. Qd2 Rc8 $40 {'-/+' Ftacnik.}) 15...
Rxa8 16. O-O Qc3 {'?' Ftacnik.} (16... Rc8 $5 $15 {Ftacnik}) 17. b5 {'?'
Ftacnik.} (17. Bxb7 $1 {Ftacnik} Rb8 18. Ba6 $1 Rb6 19. Bd2 Qa3 20. b5 Ne4 21.
Qa1 $16) 17... Qxc4 18. Ba3+ Ke8 19. Bxb7 Rb8 20. Bc6 Nd5 21. Bxd5 Qxd5 22. Qa4
Rxb5 23. Qxa7 f6 24. Rc1 Rb7 25. Qa8+ Kf7 26. f3 Kg6 $17 {Lerner,K-Huzman,A/
Kujbyshev/1986/}) 9... Nf6 10. Bg2 (10. Bf4 $6 e5 11. Bg5 (11. Bd2 {Ftacnik}
dxc4 $17) 11... Ne4 $40) (10. Nd6+ {Ftacnik} Ke7 11. Nxc8+ Raxc8 12. Bd2 dxc4
$17) 10... O-O 11. Qb3 {'?' Ftacnik. Ftacnik: 'Topalov had no idea, how
dangerous is his position with unfinished development and exposed knight b5.'}
(11. cxd5 Nxd5 12. Qb3 a6 13. e4 $5 $15) (11. O-O dxc4 $17) 11... dxc4 12. Qxc4
e5 $32 {'!' Ftacnik.} 13. Nd6 $8 (13. O-O Be6 14. Qd3 Rad8 15. Qb1 Bc4 $17) (
13. Bg5 $2 {Ftacnik} Be6 14. Qd3 Rfd8 15. Qb1 a6 $19) 13... Be6 14. Qd3 (14.
Nxb7 {Ftacnik} Bxc4 15. Nxa5 Nxa5 16. Bxa8 Rxa8 $17) 14... e4 $1 {[%csl Re1]
[%mdl 512] Black starts of a series of sacrifices to keep White's K in the [+].
Ftacnik: 'The key move of black's attack, for white an unpleasant wake up call.
All black reserves will be called to service in a very short time.'} (14...
Rad8 $2 15. Nxb7 $16) (14... Qc7 15. Nb5 Qe7 16. Qd6 $132 {'=' Ftacnik.}) 15.
Nxe4 (15. Bxe4 Nxe4 16. Nxe4 Rad8 $17 (16... Rad8 {Ftacnik} 17. Qe3 Nd4 $19))
15... Nxe4 16. Bxe4 Rad8 17. Qc2 (17. Qe3 Rfe8 {/\Bd5-/+} (17... Rfe8 $1 {
Ftacnik} 18. f3 f5 19. Bxc6 bxc6 $19)) 17... Nd4 18. Qb2 $8 (18. Qb1 Qxc3+ 19.
Bd2 (19. Kf1 Bh3+ 20. Bg2 Nxe2 21. Bxh3 Qf3 $19) 19... Nc2+ 20. Bxc2 Qxd2+ 21.
Kf1 Bh3+ 22. Kg1 Qxe2 $19) 18... Nxe2 $1 {[%mdl 640] Black must prevent
castling at any cost. Now White's K gets caught in a crossfire. Ftacnik:
'Spectacular but also the best move, black needs to stop white king in the
center at all cost.'} 19. Kxe2 (19. Qxe2 Qxc3+ $19) 19... Rfe8 $40 20. Qb4 (20.
f3 f5 21. Bxb7 Bc4+ 22. Kf2 Qc5+ 23. Kg2 Re2+ $19) (20. Be3 Bg4+ 21. f3 (21.
Bf3 Qa6+ $19) 21... Rxe4 22. fxg4 Qc5 23. Qc1 Rde8 $19) 20... Qh5+ 21. f3 f5 {
'!' Ftacnik. Ftacnik: 'It is a harvest time for black. All his investment can
be recouped, with white king still sitting in the center.'} 22. g4 $8 (22. Qxb7
fxe4 $19) (22. Bxb7 $2 Bc4+ 23. Kf2 Re2+ 24. Kg1 Rd1#) 22... Qh3 23. gxf5 (23.
Kf2 fxe4 24. Qxe4 Bd5 25. Qf4 Rf8 $19) 23... Bxf5 24. Qc4+ (24. Kf2 Bxe4 25.
fxe4 Rf8+ 26. Ke1 (26. Ke2 Qg2+) 26... Qh4+ {/\Qh4#}) 24... Kh8 25. Re1 Rxe4+
$1 (25... Rxe4+ 26. fxe4 Bg4+ 27. Kf2 Qxh2+ 28. Kf1 (28. Ke3 Qg3#) 28... Bh3#)
0-1

[Event "Amber-blindfold 08th"]
[Site "Monte Carlo"]
[Date "1999.03.17"]
[Round "2"]
[White "Ivanchuk, Vassily"]
[Black "Karpov, Anatoly"]
[Result "1/2-1/2"]
[WhiteElo "2714"]
[BlackElo "2710"]
[PlyCount "105"]
[EventDate "1999.03.16"]
[EventType "tourn (rapid)"]
[EventRounds "11"]
[EventCountry "MNC"]
[EventCategory "18"]
[SourceTitle "CBM 069 Extra"]
[Source "ChessBase"]
[SourceDate "1999.05.10"]
[SourceVersion "1"]
[SourceVersionDate "1999.05.10"]
[SourceQuality "1"]

1. e4 c6 2. d4 d5 3. Nd2 dxe4 4. Nxe4 Nd7 5. Bc4 Ngf6 6. Ng5 e6 7. Qe2 Nb6 8.
Bb3 h6 9. N5f3 c5 10. Bf4 Nbd5 11. Be5 Qa5+ 12. Nd2 cxd4 13. Ngf3 Be7 14. Nxd4
O-O 15. O-O-O Rd8 16. Kb1 Nd7 17. Nc4 Qa6 18. Nf5 exf5 19. Rxd5 Nxe5 20. Ra5
Qf6 21. Nxe5 Be6 22. Rb5 Bd6 23. Nc4 b6 24. Nxd6 Rxd6 25. Bxe6 Rxe6 26. Qf3
Rae8 27. Rd5 g6 28. g3 Re1+ 29. Rd1 R1e4 30. a3 b5 31. Rd2 h5 32. Rhd1 a6 33.
c3 Kg7 34. Qd3 f4 35. Qd6 R8e6 36. Qd8 Qxd8 37. Rxd8 fxg3 38. fxg3 h4 39. Kc2
hxg3 40. hxg3 f5 41. R8d4 Kf6 42. Rxe4 Rxe4 43. Rd6+ Re6 44. Rxe6+ Kxe6 45. Kd3
Kd5 46. b3 Kc5 47. Ke3 g5 48. Kd3 a5 49. a4 bxa4 50. bxa4 Kd5 51. c4+ Kc5 52.
Kc3 f4 53. gxf4 1/2-1/2

[Event "FIDE-Wch k.o."]
[Site "Las Vegas"]
[Date "1999.08.07"]
[Round "3.2"]
[White "Shipov, Sergei"]
[Black "Ivanchuk, Vassily"]
[Result "0-1"]
[WhiteElo "2658"]
[BlackElo "2702"]
[Annotator "Golod,V"]
[PlyCount "62"]
[EventDate "1999.07.31"]
[EventType "k.o."]
[EventRounds "7"]
[EventCountry "USA"]
[SourceTitle "CBM 072"]
[Source "ChessBase"]
[SourceDate "1999.10.01"]
[SourceVersion "1"]
[SourceVersionDate "1999.10.01"]
[SourceQuality "1"]

1. d4 {King} Nf6 2. c4 e6 3. Nc3 Bb4 4. Qc2 c5 5. dxc5 O-O $5 ({Black has
several options:} 5... Bxc5 $5) (5... Nc6 $5) (5... Na6 $5) 6. a3 $5 ({Other
lines are:} 6. Bg5) (6. Nf3) (6. Bd2) (6. Bf4) 6... Bxc5 7. Nf3 {This is the
main line.} (7. Bf4 $5 {-see comments to Ostenstad,B-Hansen,S/Munkebo,1998/CBM
67(1/2-1/2)(Golod,V)(26)}) 7... b6 8. Bg5 {In my opinion better is:} (8. Bf4 $5
Nh5 9. Bg3 $5 {Besides,was checked in the previous games:} (9. Bg5 $5 {-see
comments to Gurevich,M-Gulko,B/New York,1998/CBM 64(1-0)(Gurevich,M)(44)}) ({
and} 9. Bd2 $5 f5 10. e3 (10. b4 $5) 10... Bb7 11. Be2 Nf6 12. O-O Nc6 $11 {
1/2-1/2 Dietz,H-Knoedler,D/Giengen 1987/GER (36)}) 9... f5 $5 {[%csl Rd6,Re5]}
(9... Bb7 $142) 10. e3 {-see comments to Ionov,S-Janssen,R/Wijk aan Zee,1999/
CBM 69(1-0)(Golod,V)(34)}) 8... Bb7 9. e3 $5 {Other options are:} (9. e4) (9.
Rd1 {/\e4}) ({and} 9. O-O-O) 9... h6 $5 {Also possibly:} (9... Be7) ({and} 9...
Nc6) 10. Bh4 Be7 11. Rd1 $5 (11. Be2 {-repeatedly was checked in the previous
games.}) 11... d6 (11... Nc6 $5 12. Be2 Rc8 13. O-O Nh5 14. Bxe7 Qxe7 15. b4
Nf6 16. Qb3 Rfd8 $11 {1/2-1/2 Chekhov,V-Reeh,O/Gausdal 1990/TD (43)}) 12. Be2
a6 {[%csl Ya6,Rb5][%cal Ya6b5] /\Qc7} 13. O-O Qc7 $11 14. Rd2 $6 {[%cal Gf1d1]}
({Seemingly better is:} 14. b4) 14... Nbd7 15. Rfd1 ({Somewhat dubious:} 15. b4
Rac8 16. Bg3 Nh5 17. Rc1 Nxg3 18. hxg3 Rfd8 19. g4 Qb8 20. Qb1 Rc7 {=/=/+;
Knaak,R-Hort,V/Leipzig,1973(0-1)(35)}) 15... Rfd8 16. Qb1 $6 $146 {[%csl Rc4,
Yd2][%cal Yd2c2]} (16. Bg3 $6 Nc5 17. b4 Nce4 18. Nxe4 Nxe4 19. Rd4 Nxg3 20.
hxg3 a5 {=/=/+; Kaposztas,M-Eperjesi,L/Salgotarjan, 1979(1/2-1/2)(24)} (20...
Rac8 $5)) ({Can be recommemded:} 16. Nd4 $5) ({Dubious:} 16. b4 {in view of:}
Bxf3 (16... Rac8 $5) 17. Bxf3 Rac8 18. Be2 b5 {[%csl Rc3]}) 16... Nc5 $5 {
[%cal Gc5e4]} 17. Rc2 Rac8 18. Nd4 ({Probably better is:} 18. Nd2) 18... Nce4
$5 ({Also not bad:} 18... Nfe4) 19. Bf3 $6 (19. Nxe4 $142 Bxe4 20. Bd3 {=/=/+})
19... Nxc3 20. Rxc3 Bxf3 21. gxf3 ({After:} 21. Nxf3 {strongly:} g5 (21... Qb7
$5 {/\d5}) (21... Qb7 $15 {King Black has the better chances: he has the
option of two pawn breaks (...b5 or ...d5); the possibility of playing the
knight into e4 after ...g5; and White's pawn on c4 is slightly vulnerable.})
22. Bg3 $140 Nh5 {[%csl Rc4,Rg3][%cal Ge7f6] King: ' is also possible. The
bishop will be strong on f6.'} 23. Qd3 Nxg3 24. hxg3 Bf6 $15) 21... Qb7 $5 $15
{(weaknessPf3);/\d5 '!' King. King: 'The queen takes the diagonal unopposed.'}
22. Kg2 ({Badly:} 22. Qd3 {[%csl Rf3][%cal Yd3e2] because of:} d5 23. cxd5 Rxc3
24. bxc3 Qxd5 $17) ({Maybe slightly better is:} 22. Rc2) 22... g5 $5 {'!' King.
} ({Good enough:} 22... d5 $5 23. Bxf6 $6 (23. Rdc1 $5 $15) 23... Bxf6 24. cxd5
Rxc3 25. bxc3 Qxd5 $17 {[%cal Ge6e5]}) 23. Bg3 g4 {[%csl Yd4,Rf3][%cal Ge6e5]
King: 'If White's queen could find its way to f3 to neutralise its counterpart,
then White would still be okay. As it is, Ivanchuk's lightning attack strikes
home.'} 24. h3 $2 ({Also badly:} 24. Kg1 {with the idea after:} gxf3 25. Nxe6
$2 {in view of:} fxe6 26. Qg6+ Kh8 27. Qxh6+ Nh7 28. Qxe6 Bf6 $17) ({Boldly
and not badly:} 24. e4 $5 gxf3+ 25. Kxf3 {[%csl Re4,Yf3]} d5 26. cxd5 exd5 27.
e5 Rxc3+ 28. bxc3 Ne4 $15) 24... gxf3+ $1 $17 (24... e5 $143 25. hxg4 $1 (25.
Nf5 $2 Qxf3+ 26. Kh2 gxh3 $1 {[%csl Rh2][%cal Gf3g2]} 27. Nxe7+ Kf8 28. Kxh3
Kxe7 {[%csl Rh3] -/+/-+}) 25... exd4 26. Rxd4 {=/+/-/+}) 25. Kh2 (25. Nxf3 $143
Ne4 {[%csl Rc3,Rc4,Rf3]} 26. Rcc1 Ng5 {'-+' King.} 27. e4 Nxe4 $17) 25... Kh8
$5 {[%csl Rh2][%cal Gd8g8,Gc8c5,Gc5h5]} ({Another alternative is:} 25... Ne4)
26. Rcc1 $6 (26. Rg1 $142) 26... Rc5 27. b4 ({Slightly better is:} 27. Qd3 Rh5
$140 28. e4 Ng4+ 29. Kg1 Rxh3 30. Qxf3 Rg8 $40) 27... Rh5 $40 {[%csl Rh3][%cal
Gf6g4][%mdl 128]} 28. Rh1 Rg8 {/\29...Ng4+ 30.Kg1 Ne3 or 29...Rg3} 29. Qd3 Rxg3
$1 30. Kxg3 (30. fxg3 Ng4+ 31. Kg1 f2+ $19 {[%csl Rh1]}) 30... Rg5+ 31. Kh4 $8
(31. Kf4 e5#) (31. Kh2 Rg2#) 31... Ne4 {[%csl Rh4] mate in 6 moves!} 0-1

[Event "EU-chT (Men) 12th"]
[Site "Batumi"]
[Date "1999.12.07"]
[Round "9.1"]
[White "Ivanchuk, Vassily"]
[Black "Beliavsky, Alexander G"]
[Result "1/2-1/2"]
[WhiteElo "2702"]
[BlackElo "2618"]
[Annotator "Golod,V"]
[PlyCount "72"]
[EventDate "1999.11.06"]
[EventType "team-swiss"]
[EventRounds "9"]
[EventCountry "GEO"]
[SourceTitle "CBM 074"]
[Source "ChessBase"]
[SourceDate "2000.02.01"]
[SourceVersion "1"]
[SourceVersionDate "2000.02.01"]
[SourceQuality "1"]
[WhiteTeam "Ukraine"]
[BlackTeam "Slovenia"]
[WhiteTeamCountry "UKR"]
[BlackTeamCountry "SLO"]

1. d4 Nf6 2. c4 e6 3. Nc3 Bb4 4. Qc2 O-O 5. a3 Bxc3+ 6. Qxc3 b6 7. Bg5 Bb7 8.
e3 c5 (8... d6 {See comments to Kasparov,G-Karpov,A/ Frankfurt,1999/CBM 72 
(1-0)(Golod,V)(43)}) 9. Nf3 {Besides,white has two principales moves:} (9. dxc5
{You can see comments to games:Lautier,J -Karpov,A/Las Palmas,1994/CBM 42(1-0)
(Lautier)(31) and Gulko,B-Aleksandrov,A/ Groningen,1997/CBM 63(1/2-1/2) 
(Psakhis)(27)}) ({and} 9. f3) 9... h6 $5 {Another options is:} (9... cxd4 $5) (
{or} 9... d6 $5) 10. Bh4 cxd4 ({Other alternative are:} 10... d6 11. Rd1 $5 (
11. Be2 Nbd7 12. O-O Rc8 13. Rfd1 Qe7 $11 {Eslon,J-GarciaTrobat,F/Javea,1992(1/
2-1/2) (21)}) (11. d5 $6 exd5 (11... g5 $5) 12. Bxf6 Qxf6 13. Qxf6 gxf6 14.
O-O-O d4 (14... Nd7 $142) 15. exd4 Be4 16. Bd3 {+/=/+/- Gschwendtner,M-Stoer,A/
Bayern,1997 (1/2-1/2)(41)}) 11... Qe7 12. Be2 Rd8 13. O-O Nbd7 14. b4 cxd4 $6 (
14... e5 $5) 15. Qxd4 Nf8 16. Bxf6 Qxf6 17. Qxf6 gxf6 18. Nd4 $14 {Seirawan,
Y-Andersson,U/Niksic,1983/Inf 36/613(1/2-1/2)(41)}) 11. Nxd4 d5 ({Dubious:} 
11... Nc6 {in view of:} 12. Nxc6 Bxc6 13. Bd3 (13. Bxf6 $5 Qxf6 14. Qxf6 gxf6
15. Rd1 d5 16. cxd5 Bxd5 17. Ba6 {with advantage of white in the endgame.})
13... d6 14. O-O g5 15. Bg3 Nh5 16. Rad1 Nxg3 17. fxg3 {1/2-1/2 Chabanon,
J-Mednis,E/Cannes,1992 (17)}) 12. cxd5 Bxd5 {[%csl Rg2]} ({Slightly worse is:} 
12... Nxd5 13. Bxd8 Nxc3 14. Be7 (14. Bxb6 $5 axb6 15. bxc3 e5 $44) 14... Re8
15. Bh4 Ne4 16. f3 g5 17. Bg3 Nxg3 18. hxg3 {+/=/= Kakageldyev,A-Kiselev,S/
Azov,1991 (1/2-1/2)(26)}) 13. f3 Nbd7 14. e4 $146 (14. Bb5 $5 {and(14.b4!?)
you cand find in annotations to 15.Bb5!? in the game:Seirawan,Y-Adams,M/
Bermuda,1999/CBM 69(1/2-1/2) (Tisdall,J)(21)}) ({Also can be recommended:} 14.
Rc1 $5) 14... Rc8 $6 ({From my point of view this move:} 14... Nxe4 $1 {
[%csl Rc3,Gd8,Rh4] brings black at least equality:} 15. Bxd8 $8 Nxc3 16. Be7 (
16. Bh4 $2 Na4 $17) 16... Rfe8 17. Bd6 Na4 ({badly:} 17... e5 {in view of:} 18.
Nf5 {[%csl Rc3,Rd5][%cal Gf5e7]} Be6 19. Ne7+ Rxe7 20. Bxe7 Nd5 21. Bd6 $14)
18. Nb5 {[%csl Rc7][%cal Gb5c7]} (18. Bb5 $2 Nxb2 $1 19. Bxd7 $140 Red8 $19 {
[%csl Rd6,Rd7,Gd8]}) 18... Rac8 $5 (18... Ndc5 $5 19. Nc7 Nxb2 20. Nxe8 Rxe8
21. Bxc5 bxc5 22. Rb1 Rb8 23. Kd2 Ba2 24. Rc1 c4 $11) (18... Red8 $143 19. Nc7
Rac8 20. Be7 {transfer to 18...Rac8 (variant 19...Red8)}) 19. Nc7 Rxc7 (19...
Red8 $6 20. Be7 Nxb2 21. Bxd8 Rxd8 22. Nxd5 exd5 23. Rc1 {+/=/=}) 20. Bxc7 Nxb2
21. Rb1 (21. Bb5 $143 Rc8 $15) 21... Rc8 (21... Nc4 $5) 22. Bxb6 axb6 23. Rxb2
Ra8 24. Bb5 Nc5 $11 {[%csl Ra3]}) 15. Qe3 $140 ({Very weakly:} 15. Qd2 {
because of:} Nxe4 $1 $17) 15... Bc4 ({After:} 15... Bb7 16. Bb5 {[%csl Gb5,Gh4]
white has a better position,because of advantage two bishops.} (16. Be2 $2 Ng4
$1 $17)) 16. Bxc4 Rxc4 17. b3 $5 {This move better than:} (17. O-O {because of:
} Ng4 $1 18. Qe1 Qc7 {[%csl Rd4,Rh2]} 19. fxg4 (19. Bg3 $2 Qc5 $17) 19... Rxd4
20. Be7 Rc8 21. Qf2 {[%csl Rd4,Rf7]} Rxe4 22. Qxf7+ Kh7 $13) 17... Rc8 ({
Now impossibly:} 17... Ng4 $4 18. fxg4 Qxh4+ 19. g3 $18 {[%csl Rc4,Rh4]}) 18.
O-O $14 Qc7 {[%cal Gc7c3]} ({Senselessly:} 18... Ng4 {in view of:} 19. Qe1 {
[%csl Ye1,Rh4][%cal Ye1h4]} Ngf6 (19... g5 $143 20. fxg4 (20. Bg3 $5) 20...
gxh4 21. Rd1 Qe7 22. Qe3 Kg7 23. e5 {/\24.Rf5->}) 20. e5 g5 21. exf6 gxh4 22.
Rd1 $1 (22. Qxh4 Qxf6 $11) 22... Qxf6 $140 23. Nxe6 $14 {[%csl Rd7]}) 19. Rac1
Qb7 20. Nb5 {[%csl Rd6][%cal Gb5d6]} Rxc1 ({Dubious:} 20... Qa6 {because of:}
21. a4 {[%csl Ya4,Rd6][%cal Ya4b5] +/=/+/-}) 21. Rxc1 Rc8 22. Nd6 {Ivanchuk
transfers to slightly better endgame.} (22. Rxc8+ $143 Qxc8 23. Nxa7 Qa6 {
[%csl Ra3,Ra7]} 24. Bxf6 Nxf6 (24... Qxa7 $2 25. Bb2 $18) 25. Nc6 Qxa3 26. Qxb6
Qc1+ 27. Kf2 Qd2+ 28. Kf1 Qd1+ $11) 22... Rxc1+ 23. Qxc1 Qa6 $1 {With the idea
24...Qd3} 24. Qc8+ {Obligatory move.} Qxc8 25. Nxc8 $14 {[%mdl 4096]} a6 26.
Kf1 {[%csl Ye1,Yf2][%cal Yh4e1,Gf1e2,Ge2d3]} b5 {[%csl Ya6,Yb5,Gh4]} 27. Ne7+
$6 ({In my opinion slightly better is:} 27. Bf2 Kf8 28. Ke2 $14) 27... Kf8 28.
Nc6 Nc5 $1 29. b4 $140 Ncd7 {[%csl Ra3][%cal Gb6c4,Gd7b6]} 30. Bf2 ({Can be
recommended:} 30. Bxf6 gxf6 (30... Nxf6 $2 31. Nb8 $16 {[%csl Ra6]}) 31. g4 {or
} (31. Ke2 {with slight advantage of white.})) ({Also probably better right
away:} 30. Bg3) 30... Ng8 {[%cal Gg8e7]} 31. Bg3 {Againts:31...Ne7?? in view
of: 32.Bd6+-} Ke8 {[%csl Ye8,Rf8][%cal Yf8e8] Black's plan:Nb6-c4(קa3) or Ne7}
32. Bd6 {[%csl Gc6,Gd6,Rg8] Differently,after:} (32. Bc7 {good enough:} Ne7)
32... Nb6 {[%csl Ra3][%cal Gb6c4]} 33. Nb8 Nc4 34. Bc5 Nxa3 35. Nxa6 Nf6 {
By the exact play in the endgame Beliavsky equalizes.} 36. Bd4 Kd7 1/2-1/2